Topplan Estates Ltd v David Townley (Record no. 74616)

MARC details
000 -LEADER
fixed length control field 02541cab a2200385 4500
001 - CONTROL NUMBER
control field ABS68471
008 - FIXED-LENGTH DATA ELEMENTS--GENERAL INFORMATION
fixed length control field 041123n2004 000 0 eng u
035 ## - SYSTEM CONTROL NUMBER
System control number (Sirsi) u128080
245 ## - TITLE STATEMENT
Title Topplan Estates Ltd v David Townley
260 ## - PUBLICATION, DISTRIBUTION, ETC.
Date of publication, distribution, etc. 2004
520 ## - SUMMARY, ETC.
Summary, etc. [2004] EWCA Civ 1369, 12 October 2004. Appeal by claimant (TE), registered proprietor of some 13 acres of disputed land, against an earlier decision to uphold respondent's (DT) claim to the proprietorship of the disputed land on the basis of 12 years adverse possession since 1983, save only in respect of a narrow strip of land identified in the judge's order. TE contended that DT's acts on the disputed land from 1 January 1983 following the last of a number of grazing agreements did not amount to possession of the disputed land or any part of it within the meaning of the Limitation Act 1980 Sched 1 Part 1 and further that the road-widening works carried out by Lancashire CC in April 1993 constituted an interruption in DT's adverse possession, which by dint of Sched 1 Para 8(2) of the 1980 had the effect of stopping time running. "Held": appeal dismissed. The earlier grazing agreements did not have any impact on the issue whether DT's activities on the disputed land in the relevant period amounted to factual possession. TE's acts did amount to the necessary possession. Furthermore the CC's road works in April 1993 had no effect whatever on DT's continuing activities on the remainder of the disputed land. View judgment at www.bailii.org.
590 ## - LOCAL NOTE (RLIN)
Local note ABS
590 ## - LOCAL NOTE (RLIN)
Local note ABS
590 ## - LOCAL NOTE (RLIN)
Local note ABS
650 ## - SUBJECT ADDED ENTRY--TOPICAL TERM
Topical term or geographic name entry element SQUATTERS
650 ## - SUBJECT ADDED ENTRY--TOPICAL TERM
Topical term or geographic name entry element TRESPASSERS
650 ## - SUBJECT ADDED ENTRY--TOPICAL TERM
Topical term or geographic name entry element GRAZING AGREEMENTS
650 ## - SUBJECT ADDED ENTRY--TOPICAL TERM
Topical term or geographic name entry element LIMITATION ACT 1980 S15
650 ## - SUBJECT ADDED ENTRY--TOPICAL TERM
Topical term or geographic name entry element LIMITATION ACT 1980 SCHED 1 PART 1
650 ## - SUBJECT ADDED ENTRY--TOPICAL TERM
Topical term or geographic name entry element LIMITATION ACT 1980 S32
650 ## - SUBJECT ADDED ENTRY--TOPICAL TERM
Topical term or geographic name entry element LAND REGISTRATION ACT 1925 S75(1)
650 ## - SUBJECT ADDED ENTRY--TOPICAL TERM
Topical term or geographic name entry element POWELL V MCFARLANE
650 ## - SUBJECT ADDED ENTRY--TOPICAL TERM
Topical term or geographic name entry element J A PYE V GRAHAM
650 ## - SUBJECT ADDED ENTRY--TOPICAL TERM
Topical term or geographic name entry element BUCKINGHAMSHIRE CC V MORAN
650 ## - SUBJECT ADDED ENTRY--TOPICAL TERM
Topical term or geographic name entry element LAMBETH LBC V BLACKBURN
650 ## - SUBJECT ADDED ENTRY--TOPICAL TERM
Topical term or geographic name entry element LEIGH V JACK
650 ## - SUBJECT ADDED ENTRY--TOPICAL TERM
Topical term or geographic name entry element PURBRICK V HACKNEY LBC
650 ## - SUBJECT ADDED ENTRY--TOPICAL TERM
Topical term or geographic name entry element TOPPLAN ESTATES LTD V DAVID TOWNLEY
650 ## - SUBJECT ADDED ENTRY--TOPICAL TERM
Topical term or geographic name entry element ADVERSE POSSESSION
690 ## - LOCAL SUBJECT ADDED ENTRY--TOPICAL TERM (OCLC, RLIN)
Topical term or geographic name as entry element PROPERTY AND LAND LAW-CASE LAW
856 ## - ELECTRONIC LOCATION AND ACCESS
Uniform Resource Identifier <a href="https://www.bailii.org/ew/cases/EWCA/Civ/2004/1369.html">https://www.bailii.org/ew/cases/EWCA/Civ/2004/1369.html</a>
Public note View judgment at the BAILII websiteƯ
856 ## - ELECTRONIC LOCATION AND ACCESS
Uniform Resource Identifier <a href="https://www.bailii.org/ew/cases/EWCA/Civ/2004/1369.html">https://www.bailii.org/ew/cases/EWCA/Civ/2004/1369.html</a>
Public note View judgment at the BAILII websiteƯ
856 ## - ELECTRONIC LOCATION AND ACCESS
Uniform Resource Identifier <a href="https://www.bailii.org/ew/cases/EWCA/Civ/2004/1369.html">https://www.bailii.org/ew/cases/EWCA/Civ/2004/1369.html</a>
Public note View judgment at the BAILII websiteƯ
942 ## - ADDED ENTRY ELEMENTS (KOHA)
Suppress in OPAC 0
Holdings
Withdrawn status Lost status Source of classification or shelving scheme Damaged status Not for loan Home library Current library Shelving location Date acquired Total Checkouts Full call number Barcode Date last seen Copy number Price effective from Koha item type
    Dewey Decimal Classification     London London Journal article 23/11/2004   ABS68471 128080-1001 06/08/2019 1 06/08/2019 Law report
    Dewey Decimal Classification     Virtual Virtual Online 23/11/2004   ONLINE 128080-2001 06/08/2019 1 06/08/2019 Law report